000 01190nam0a22002291 4500
001 rc\4200523
005 20250611012524.0
035 _a(NLR Aleph) 008007725
090 _a8680736
_c8680736
100 _a20130415b1952 |||y0rusy50 ca
101 0 _arus
102 _aRU
105 _ay c |||||
200 1 _aХимия
_eСистемат. указатель статей в иностр. журн.
_fВсесоюз. гос. б-ка иностр. литературы. Б-ка Акад. наук С. С. С. Р
210 _aМосква
_cИзд-во иностр. лит.
_d1952
300 _aЯвляется продолжением изданий "Химические науки" и "Информационный бюллетень иностранных поступлений по теоретической и прикладной химии"
801 0 _aRU
_bNLR
_gpsbo
801 1 _aRU
_bELAR
_2rusmarc
830 _aПеречень имеющихся в библиотеке томов, номеров, годов этого издания смотри в каталоге периодических изданий
852 _aNLR
_jС120-420/Х-46
942 _cBOOK
980 _aNB